000 00448nam a2200157 i 4500
001 99765
003 ES-MaACL
005 20230906182542.0
007 t|
008 050915s1972 sp ||||1| spa d
100 1 _aMartínez Cerezo, Antonio.
_977946
245 1 0 _aCómo estudia la Banca a las empresas /
_cAntonio Martínez Cerezo.
260 _aSalamanca :
_bAnaya,
_c1972.
300 _a220 p. ;
_c24 cm.
852 _aES-MaACL
_jC-43316
_bR.80333
999 _c99765
_d99765